[Event "Gligoric Cup 9th"]
[Site "Paracin"]
[Date "2023.05.18"]
[Round "4.4"]
[White "Toth, Aleksandar"]
[Black "Stankovic, Boris"]
[Result "1-0"]
[WhiteElo "2320"]
[BlackElo "2199"]
[PlyCount "99"]
[EventDate "2023.05.16"]
[EventType "team-swiss"]
[EventRounds "5"]
[EventCountry "SRB"]
[SourceTitle "CBM 214 Extra"]
[Source "ChessBase"]
[SourceDate "2023.07.31"]
[SourceVersion "1"]
[SourceVersionDate "2023.07.31"]
[SourceQuality "1"]
[WhiteTeam "Goracici Jelica"]
[BlackTeam "Vreoci Turbina"]
[WhiteTeamCountry "SRB"]
[BlackTeamCountry "SRB"]

1. e4 c5 2. Nf3 e6 3. g3 Nc6 4. Bg2 d6 5. 0-0 Nf6 6. Re1 Be7 7. c3 0-0 8. d4 cxd4 9. cxd4 d5 10. e5 Ne4 11. Nc3 Nxc3 12. bxc3 Bd7 13. h4 Rc8 14. Ng5 h6 15. Nh3 b5 16. Qg4 Kh8 17. Nf4 b4 18. Nh5 Rg8 19. cxb4 Nxb4 20. Rb1 Ba4 21. Bd2 a5 22. Bf1 Bc2 23. Rb2 Bf5 24. Qf4 Nc2 25. Rd1 g5 26. hxg5 Bxg5 27. Qf3 Be4 28. Qxf7 Bg6 29. Bxg5 Bxf7 30. Bxd8 Rgxd8 31. Nf6 Rc7 32. Rd2 Na3 33. Rb3 Nc4 34. Rc2 Bg6 35. Rc1 Bf5 36. Rbc3 Rdc8 37. g4 Bg6 38. Bg2 Bf7 39. Rh3 Kg7 40. f4 a4 41. f5 Nb6 42. Rf1 Rc1 43. g5 Rxf1+ 44. Bxf1 hxg5 45. Rh7+ Kf8 46. Rh8+ Ke7 47. Nxd5+ Nxd5 48. Rxc8 exf5 49. Bc4 Be6 50. Ra8 1-0

[Event "PNWCC vs Vrsac Hybrid"]
[Site "Chess.com INT"]
[Date "2022.08.11"]
[Round "5"]
[White "Espinosa, Pedro"]
[Black "Toth, Aleksandar"]
[Result "1/2-1/2"]
[WhiteElo "2157"]
[BlackElo "2333"]
[PlyCount "34"]
[EventDate "2022.08.09"]
[EventType "team-match"]
[EventRounds "6"]
[EventCountry "USA"]
[SourceTitle "EXT 2024"]
[Source "ChessBase"]
[SourceDate "2023.10.10"]
[SourceVersion "1"]
[SourceVersionDate "2023.10.10"]
[SourceQuality "1"]
[WhiteTeam "PNWCC"]
[BlackTeam "Vrsac"]
[WhiteTeamCountry "USA"]
[BlackTeamCountry "SRB"]

1. d4 d5 2. c4 e6 3. Nf3 a6 4. Bg5 Be7 5. Bxe7 Qxe7 6. c5 Nc6 7. Nc3 Nf6 8. e3 0-0 9. Be2 Rd8 10. 0-0 e5 11. Nxe5 Nxe5 12. dxe5 Qxe5 13. Bf3 c6 14. Re1 Bf5 15. Qd4 Qxd4 16. exd4 Nd7 17. h4 Nf8 1/2-1/2

[Event "SRB-ch Blitz"]
[Site "Paracin"]
[Date "2022.06.05"]
[Round "5"]
[White "Toth, Aleksandar"]
[Black "Ivanovic, Marko"]
[Result "0-1"]
[WhiteElo "2335"]
[BlackElo "2303"]
[PlyCount "112"]
[EventDate "2022.06.05"]
[EventType "swiss (blitz)"]
[EventRounds "13"]
[EventCountry "SRB"]
[SourceTitle "CBM 208 Extra"]
[Source "ChessBase"]
[SourceDate "2022.07.31"]
[SourceVersion "1"]
[SourceVersionDate "2022.07.31"]
[SourceQuality "1"]

1. e4 e5 2. Nf3 Nc6 3. Bc4 g6 4. d3 Bg7 5. Nc3 Nge7 6. Be3 d6 7. Qd2 Nd4 8. Ne2 Nxf3+ 9. gxf3 0-0 10. 0-0-0 Be6 11. h4 Bxc4 12. dxc4 f5 13. Bh6 f4 14. Bxg7 Kxg7 15. h5 g5 16. h6+ Kf6 17. c5 dxc5 18. Qc3 Qe8 19. Qxc5 Qc6 20. Qa3 Rfd8 21. Nc3 a6 22. Qb3 Qb6 23. Qc4 c6 24. b3 Rxd1+ 25. Rxd1 Rd8 26. Rxd8 Qxd8 27. a4 Qd4 28. a5 Qxc4 29. bxc4 Ke6 30. Na4 Kd6 31. Nb6 Ng8 32. Kd2 Nxh6 33. c5+ Kxc5 34. Nd7+ Kd6 35. Nf6 Nf7 36. Nxh7 Kc5 37. Kc3 Kb5 38. Nf8 Kxa5 39. Kc4 Kb6 40. Nd7+ Kc7 41. Nc5 Nd6+ 42. Kb4 a5+ 43. Kc3 b6 44. Ne6+ Kd7 45. Nxg5 b5 46. Kb3 c5 47. Kc3 a4 48. Nh7 Ke6 49. Ng5+ Kf6 50. Nh3 b4+ 51. Kb2 c4 52. Ng1 a3+ 53. Ka2 Nb5 54. Ne2 Nd4 55. c3 b3+ 56. Kxa3 Nxe2 0-1

[Event "SRB-ch Blitz"]
[Site "Paracin"]
[Date "2022.06.05"]
[Round "3"]
[White "Toth, Aleksandar"]
[Black "Milanovic, Danilo"]
[Result "1-0"]
[WhiteElo "2335"]
[BlackElo "2409"]
[PlyCount "113"]
[EventDate "2022.06.05"]
[EventType "swiss (blitz)"]
[EventRounds "13"]
[EventCountry "SRB"]
[SourceTitle "CBM 208 Extra"]
[Source "ChessBase"]
[SourceDate "2022.07.31"]
[SourceVersion "1"]
[SourceVersionDate "2022.07.31"]
[SourceQuality "1"]

1. Nf3 Nf6 2. g3 d5 3. Bg2 Bf5 4. 0-0 h6 5. d3 e6 6. Nbd2 Be7 7. Qe1 Bh7 8. e4 0-0 9. Qe2 c5 10. Re1 Nc6 11. e5 Ne8 12. Nf1 Nc7 13. h4 b5 14. Bf4 b4 15. Qd2 Re8 16. N1h2 Nb5 17. c3 bxc3 18. bxc3 Qa5 19. Rac1 Rad8 20. Ng4 d4 21. Bxh6 dxc3 22. Qf4 Ncd4 23. Ng5 Bg6 24. Ne4 Nf5 25. Bg5 Rd4 26. Bxe7 Rxe7 27. Qg5 Qd8 28. h5 Bh7 29. h6 g6 30. Ngf6+ Kh8 31. g4 Rxd3 32. gxf5 exf5 33. Nxc5 Rd2 34. Nd5 Re8 35. Qxd8 Rxd8 36. Nxc3 Nd4 37. e6 fxe6 38. Nxe6 Nxe6 39. Rxe6 g5 40. Re7 a5 41. Nd5 Bg8 42. Nf6 R2d6 43. Nxg8 Rxg8 44. Rcc7 Rxh6 45. Bd5 Rd8 46. Rcd7 Rb8 47. Kg2 Rc8 48. a4 Rb8 49. Ra7 Rd8 50. Bc4 Rc8 51. Rac7 Rd8 52. Rf7 f4 53. Rc5 Rg6 54. Rff5 g4 55. Rh5+ Kg7 56. Rc7+ Kf6 57. Rf7# 1-0

[Event "SRB-ch Blitz"]
[Site "Paracin"]
[Date "2022.06.05"]
[Round "6"]
[White "Vuksanovic, Zvezdan"]
[Black "Toth, Aleksandar"]
[Result "1-0"]
[WhiteElo "2187"]
[BlackElo "2335"]
[PlyCount "61"]
[EventDate "2022.06.05"]
[EventType "swiss (blitz)"]
[EventRounds "13"]
[EventCountry "SRB"]
[SourceTitle "CBM 208 Extra"]
[Source "ChessBase"]
[SourceDate "2022.07.31"]
[SourceVersion "1"]
[SourceVersionDate "2022.07.31"]
[SourceQuality "1"]

1. e4 e5 2. Nf3 Nc6 3. Bc4 Nf6 4. d3 h6 5. h3 g5 6. c3 d6 7. Nbd2 g4 8. hxg4 Bxg4 9. Nf1 Qd7 10. Ne3 Be6 11. Bb3 d5 12. Ba4 Bd6 13. Qc2 0-0-0 14. Bd2 a6 15. 0-0-0 b5 16. Bb3 dxe4 17. dxe4 Bc5 18. Nh4 Na5 19. Bxe6 Qxe6 20. Kb1 Bb6 21. Nhf5 h5 22. Bc1 Kb8 23. Rxd8+ Rxd8 24. Rd1 Rg8 25. f3 Nc4 26. Nxc4 Qxc4 27. Be3 Bxe3 28. Nxe3 Qc6 29. Qd2 h4 30. Nf5 Nh5 31. Ne7 1-0

[Event "SRB-ch Rapid"]
[Site "Paracin"]
[Date "2022.06.04"]
[Round "9"]
[White "Toth, Aleksandar"]
[Black "Milosevic, Milos"]
[Result "1-0"]
[WhiteElo "2335"]
[BlackElo "2288"]
[PlyCount "99"]
[EventDate "2022.06.04"]
[EventType "swiss (rapid)"]
[EventRounds "9"]
[EventCountry "SRB"]
[SourceTitle "CBM 208 Extra"]
[Source "ChessBase"]
[SourceDate "2022.07.31"]
[SourceVersion "1"]
[SourceVersionDate "2022.07.31"]
[SourceQuality "1"]

1. e4 e6 2. d3 d5 3. Nd2 c5 4. Ngf3 Nc6 5. Qe2 Nge7 6. g3 g6 7. Bg2 Bg7 8. 0-0 0-0 9. c3 e5 10. exd5 Nxd5 11. Nc4 Re8 12. a4 b6 13. Ng5 Bb7 14. a5 bxa5 15. Ne4 Bf8 16. Bg5 f6 17. Be3 Nxe3 18. Qxe3 Rc8 19. Nxc5 Bxc5 20. Qxc5 Nd4 21. Qd6 Bxg2 22. Kxg2 Nf5 23. Qxd8 Rexd8 24. Rfd1 Rd5 25. Rxa5 Rxa5 26. Nxa5 Rb8 27. Nc4 Rd8 28. Kf3 Kf7 29. Ke2 h5 30. Ra1 Rd7 31. h4 Rb7 32. Ra6 Ke7 33. b4 Rc7 34. Kd2 Ng7 35. Ne3 Rd7 36. c4 Kf7 37. Nd5 Ne6 38. Kc3 g5 39. b5 gxh4 40. gxh4 f5 41. Kb4 Nd4 42. Rh6 Kg7 43. Rxh5 Kg6 44. Rg5+ Kh6 45. Rg8 Rb7 46. Re8 Kh5 47. Kc3 Nf3 48. Re7 Rxe7 49. Nxe7 Kxh4 50. Nxf5+ 1-0

[Event "Gligoric Cup 8th"]
[Site "Paracin"]
[Date "2022.06.03"]
[Round "5.1"]
[White "Toth, Aleksandar"]
[Black "Vratonjic, Slobodan"]
[Result "1/2-1/2"]
[WhiteElo "2335"]
[BlackElo "2254"]
[PlyCount "79"]
[EventDate "2022.05.31"]
[EventType "team-swiss"]
[EventRounds "5"]
[EventCountry "SRB"]
[SourceTitle "CBM 208 Extra"]
[Source "ChessBase"]
[SourceDate "2022.07.31"]
[SourceVersion "1"]
[SourceVersionDate "2022.07.31"]
[SourceQuality "1"]
[WhiteTeam "Goracici Jelica"]
[BlackTeam "Kac Jugovic"]
[WhiteTeamCountry "SRB"]
[BlackTeamCountry "SRB"]

1. e4 c5 2. Nf3 e6 3. d4 cxd4 4. Nxd4 Nc6 5. Nc3 Qc7 6. Be2 a6 7. 0-0 b5 8. a3 Bb7 9. Kh1 Nf6 10. f4 d6 11. Be3 Nxd4 12. Qxd4 Be7 13. Bf3 e5 14. Qd2 exf4 15. Bxf4 0-0 16. Rad1 Rfd8 17. Qf2 Rab8 18. Qg3 Ne8 19. e5 dxe5 20. Bxe5 Bd6 21. Rxd6 Rxd6 22. Bxb7 Rxb7 23. Bxd6 Qxd6 24. Qxd6 Nxd6 25. Rd1 Re7 26. h3 Ne8 27. Rd8 f5 28. Ra8 Re6 29. Nd5 Kf7 30. Nb4 Nd6 31. Rxa6 Re1+ 32. Kh2 Nc4 33. b3 Ne3 34. Kg3 Rf1 35. Nd3 g5 36. Ra7+ Kf6 37. Ra6+ Kg7 38. Ra7+ Kf6 39. Ra6+ Kg7 40. Ra7+ 1/2-1/2

[Event "Gligoric Cup 8th"]
[Site "Paracin"]
[Date "2022.05.31"]
[Round "1.2"]
[White "Toth, Aleksandar"]
[Black "Dedijer, Zarko"]
[Result "1-0"]
[WhiteElo "2335"]
[BlackElo "1884"]
[PlyCount "65"]
[EventDate "2022.05.31"]
[EventType "team-swiss"]
[EventRounds "5"]
[EventCountry "SRB"]
[SourceTitle "CBM 208 Extra"]
[Source "ChessBase"]
[SourceDate "2022.07.31"]
[SourceVersion "1"]
[SourceVersionDate "2022.07.31"]
[SourceQuality "1"]
[WhiteTeam "Goracici Jelica"]
[BlackTeam "Gajdobra Hercegovac"]
[WhiteTeamCountry "SRB"]
[BlackTeamCountry "SRB"]

1. e4 e6 2. d3 d5 3. Nd2 c5 4. Ngf3 Nc6 5. g3 Nf6 6. Bg2 Be7 7. 0-0 0-0 8. e5 Nd7 9. Re1 Qc7 10. Qe2 b5 11. Nf1 Bb7 12. h4 Rac8 13. Bf4 Nd4 14. Nxd4 cxd4 15. Rec1 b4 16. Nh2 Qb6 17. h5 Rc6 18. h6 g6 19. Nf3 Rfc8 20. Qd2 a5 21. Bh3 a4 22. Rab1 Ba6 23. Bg5 Bf8 24. Qf4 Rxc2 25. Rxc2 Rxc2 26. Nxd4 Rc8 27. Rd1 Qc7 28. Nxe6 Qxe5 29. Nxf8 Qxf4 30. Bxf4 Nxf8 31. Bxc8 Bxc8 32. Rc1 Bf5 33. Bd6 1-0

[Event "SRB-chT Premier"]
[Site "Vrnjacka Banja"]
[Date "2021.09.13"]
[Round "8.4"]
[White "Vratonjic, Slobodan"]
[Black "Toth, Aleksandar"]
[Result "1/2-1/2"]
[WhiteElo "2281"]
[BlackElo "2347"]
[PlyCount "61"]
[EventDate "2021.09.07"]
[EventType "team-tourn"]
[EventRounds "11"]
[EventCountry "SRB"]
[SourceTitle "CBM 204 Extra"]
[Source "ChessBase"]
[SourceDate "2021.11.30"]
[SourceVersion "1"]
[SourceVersionDate "2021.11.30"]
[SourceQuality "1"]
[WhiteTeam "Kac Jugovic"]
[BlackTeam "Lucani Mladost"]
[WhiteTeamCountry "SRB"]
[BlackTeamCountry "SRB"]

1. e4 e5 2. Nf3 Nc6 3. Bc4 Nf6 4. d3 h6 5. c3 d6 6. Nbd2 g6 7. Nf1 Bg7 8. Ng3 0-0 9. 0-0 Na5 10. Bb5 Bd7 11. Bxd7 Qxd7 12. d4 Nc6 13. h3 Rad8 14. Re1 d5 15. Nxe5 Nxe5 16. dxe5 Nxe4 17. Nxe4 dxe4 18. Qxd7 Rxd7 19. Bf4 g5 20. Bg3 Rd2 21. Rab1 Re8 22. Kf1 Kf8 23. Rxe4 f5 24. Re2 Rxe2 25. Kxe2 f4 26. Bh2 Rxe5+ 27. Kd2 Rd5+ 28. Kc2 Re5 29. Kd2 Rd5+ 30. Kc2 Re5 31. Kd2 1/2-1/2

[Event "SRB-chT Premier"]
[Site "Ruma"]
[Date "2020.10.03"]
[Round "11.1"]
[White "Toth, Aleksandar"]
[Black "Drazic, Sinisa"]
[Result "1/2-1/2"]
[WhiteElo "2352"]
[BlackElo "2352"]
[PlyCount "149"]
[EventDate "2020.09.25"]
[EventType "team-tourn"]
[EventRounds "11"]
[EventCountry "SRB"]
[SourceTitle "CBM 198 Extra"]
[Source "ChessBase"]
[SourceDate "2020.11.30"]
[SourceVersion "1"]
[SourceVersionDate "2020.11.30"]
[SourceQuality "1"]
[WhiteTeam "Lucani Mladost"]
[BlackTeam "Kac Jugovic"]
[WhiteTeamCountry "SRB"]
[BlackTeamCountry "SRB"]

1. e4 e6 2. d4 c5 3. d5 exd5 4. exd5 d6 5. Nc3 Be7 6. Be2 Nf6 7. Nf3 0-0 8. h3 Re8 9. 0-0 Nbd7 10. a4 Nf8 11. Nd2 Ng6 12. Nc4 Bf8 13. Re1 h6 14. a5 Bd7 15. Bd3 Rxe1+ 16. Qxe1 Qc7 17. Bd2 Re8 18. Qf1 Nh4 19. Bf4 a6 20. Nb6 Ng6 21. Bxg6 fxg6 22. Nxd7 Qxd7 23. Qd3 Qf5 24. Qd2 g5 25. Bg3 g4 26. hxg4 Qxg4 27. Re1 Qg5 28. Qd1 Qg6 29. Re6 Qf5 30. Rxe8 Nxe8 31. f3 Nf6 32. Bh4 Be7 33. Qe2 Kf8 34. g4 Qf4 35. Kg2 h5 36. Bg3 Qg5 37. Ne4 Qxd5 38. Nxf6 Bxf6 39. c4 Qd4 40. gxh5 Kf7 41. b3 d5 42. Bf2 Qf4 43. cxd5 Qg5+ 44. Kf1 Qxd5 45. Qc4 Qxc4+ 46. bxc4 Bc3 47. Bxc5 Bxa5 48. Ke2 Bd8 49. Kd3 Bf6 50. Bb4 Ke6 51. Ke4 b6 52. f4 a5 53. Ba3 a4 54. f5+ Kf7 55. Kd5 Be7 56. Bxe7 Kxe7 57. Kd4 Kf6 58. Kc3 Kxf5 59. Kb4 Kg5 60. Kxa4 Kxh5 61. Kb5 g5 62. Kxb6 g4 63. c5 g3 64. c6 g2 65. c7 g1Q+ 66. Kb7 Qg2+ 67. Kb8 Qg3 68. Kb7 Qf3+ 69. Kb8 Qf4 70. Kb7 Qe4+ 71. Kb8 Qe5 72. Kb7 Qb5+ 73. Ka8 Qc6+ 74. Kb8 Qb6+ 75. Ka8 1/2-1/2

[Event "SRB-chT Premier"]
[Site "Ruma"]
[Date "2020.09.30"]
[Round "8.5"]
[White "Toth, Aleksandar"]
[Black "Milanovic, Danilo"]
[Result "1/2-1/2"]
[WhiteElo "2352"]
[BlackElo "2455"]
[PlyCount "101"]
[EventDate "2020.09.25"]
[EventType "team-tourn"]
[EventRounds "11"]
[EventCountry "SRB"]
[SourceTitle "CBM 198 Extra"]
[Source "ChessBase"]
[SourceDate "2020.11.30"]
[SourceVersion "1"]
[SourceVersionDate "2020.11.30"]
[SourceQuality "1"]
[WhiteTeam "Lucani Mladost"]
[BlackTeam "Vladimirci"]
[WhiteTeamCountry "SRB"]
[BlackTeamCountry "SRB"]

1. e4 c5 2. Nf3 Nc6 3. Bb5 e6 4. 0-0 Nge7 5. Re1 a6 6. Bf1 d5 7. exd5 Nxd5 8. d4 Nf6 9. Be3 Be7 10. c4 0-0 11. Nc3 cxd4 12. Nxd4 Bd7 13. a3 Qc7 14. b4 Rfd8 15. Qe2 b6 16. h3 h6 17. Nb3 Be8 18. Rac1 Qb7 19. g3 Rac8 20. Bg2 Qb8 21. Bf4 Bd6 22. Bxd6 Qxd6 23. Red1 Qc7 24. Rxd8 Qxd8 25. Ne4 Nxe4 26. Qxe4 a5 27. b5 Nb8 28. Nd4 Qc7 29. Qe3 Qc5 30. a4 Kh8 31. Nb3 Qb4 32. Bb7 Rxc4 33. Rxc4 Qxc4 34. Qxb6 Nd7 35. Qd8 Nf6 36. Nxa5 Qxa4 37. Bc6 Kh7 38. Bxe8 Nxe8 39. Qxe8 Qxa5 40. Qc6 Qa4 41. Qb7 Qd1+ 42. Kg2 f5 43. b6 Qd6 44. Qc7 Qd5+ 45. Kg1 Qd1+ 46. Kh2 Qd4 47. Kg2 Qd5+ 48. Kf1 Qd1+ 49. Kg2 Qd5+ 50. Kh2 Qd4 51. Kg2 1/2-1/2

[Event "SRB-chT Premier"]
[Site "Ruma"]
[Date "2020.09.25"]
[Round "1.6"]
[White "Ilincic, Zlatko"]
[Black "Toth, Aleksandar"]
[Result "1/2-1/2"]
[WhiteElo "2408"]
[BlackElo "2352"]
[PlyCount "136"]
[EventDate "2020.09.25"]
[EventType "team-tourn"]
[EventRounds "11"]
[EventCountry "SRB"]
[SourceTitle "CBM 198 Extra"]
[Source "ChessBase"]
[SourceDate "2020.11.30"]
[SourceVersion "1"]
[SourceVersionDate "2020.11.30"]
[SourceQuality "1"]
[WhiteTeam "Belgrade Itaka"]
[BlackTeam "Lucani Mladost"]
[WhiteTeamCountry "SRB"]
[BlackTeamCountry "SRB"]

1. d4 d5 2. c4 e6 3. Nf3 Nf6 4. g3 dxc4 5. Bg2 c5 6. 0-0 Nc6 7. Qa4 Bd7 8. Qxc4 cxd4 9. Nxd4 Rc8 10. Nc3 Nxd4 11. Qxd4 Bc5 12. Qh4 h6 13. g4 Nd5 14. Qxd8+ Rxd8 15. Nxd5 exd5 16. Bxd5 Bxg4 17. Bxb7 Bxe2 18. Re1 Rd1 19. Rxd1 Bxd1 20. Bd2 Bg4 21. Rc1 Bd6 22. a4 0-0 23. a5 Re8 24. Be3 Bb8 25. b4 Kh7 26. Kg2 Be6 27. b5 f5 28. a6 Re7 29. Bc5 Rd7 30. b6 axb6 31. Bxb6 Rxb7 32. axb7 Bd5+ 33. Kg1 Bxb7 34. Bc7 Bxc7 35. Rxc7 Be4 36. f4 Kg6 37. Ra7 Kf6 38. Ra6+ Kf7 39. h4 Bd3 40. Rb6 Be4 41. Kf2 Ke7 42. Ke3 Kf7 43. Kd4 Bf3 44. Ke5 Bg4 45. Ra6 Bh3 46. h5 Bg4 47. Ra7+ Kg8 48. Ke6 Bxh5 49. Kxf5 Kh7 50. Ke5 Bg4 51. f5 Kg8 52. Ra4 Be2 53. Ke6 Kh7 54. Rd4 Kg8 55. Ke7 Kh7 56. Kf8 h5 57. Rd7 Kh6 58. Rxg7 h4 59. Rg2 Bf3 60. Rf2 Bd5 61. Rd2 Bb3 62. Rb2 Kg5 63. Rxb3 Kxf5 64. Ke7 Kg4 65. Kf6 h3 66. Rb1 h2 67. Ke5 Kg3 68. Ke4 Kg2 1/2-1/2

[Event "SRB-chT 2nd League West"]
[Site "Kragujevac"]
[Date "2019.10.04"]
[Round "8.1"]
[White "Nikolov, Sasho"]
[Black "Toth, Aleksandar"]
[Result "1-0"]
[WhiteElo "2302"]
[BlackElo "2351"]
[PlyCount "91"]
[EventDate "2019.09.06"]
[EventType "team-tourn"]
[EventRounds "11"]
[EventCountry "SRB"]
[SourceTitle "EXT 2020"]
[Source "ChessBase"]
[SourceDate "2019.10.17"]
[SourceVersion "1"]
[SourceVersionDate "2019.10.17"]
[SourceQuality "1"]
[WhiteTeam "Razanj"]
[BlackTeam "Aleksandrovac"]
[WhiteTeamCountry "SRB"]
[BlackTeamCountry "SRB"]

1. e4 e5 2. Nf3 Nc6 3. Bc4 Bc5 4. 0-0 Nf6 5. d3 d6 6. c3 a5 7. h3 0-0 8. Bg5 h6 9. Bh4 Ba7 10. Nbd2 Be6 11. Kh1 Kh7 12. Bb3 Rg8 13. Bc2 g5 14. Bg3 Nh5 15. Nh2 Nf4 16. Nc4 Ne7 17. Ne3 Neg6 18. d4 Nh4 19. Rg1 Kh8 20. Nhg4 h5 21. Nh6 Rg6 22. Nhf5 Bxf5 23. exf5 Rh6 24. Bxh4 gxh4 25. Qf3 c6 26. dxe5 dxe5 27. Rad1 Qe7 28. f6 Rxf6 29. Nf5 Qc5 30. Rd2 Rg8 31. Nxh4 Rg5 32. g3 Nd5 33. Qe4 Kg7 34. Nf3 Rgf5 35. Nxe5 Qe7 36. Re1 b5 37. Rde2 Qe6 38. f4 Kf8 39. Qg2 h4 40. Ng6+ Rxg6 41. Rxe6 fxe6 42. Bxf5 Rxg3 43. Qe4 exf5 44. Qxf5+ Kg8 45. Re8+ Kg7 46. Qd7+ 1-0

[Event "SRB-chT2 West CS"]
[Site "Serbia"]
[Date "2016.10.08"]
[Round "9.2"]
[White "Toth, Aleksandar"]
[Black "Nestorovic, Lazar"]
[Result "1-0"]
[WhiteElo "2341"]
[BlackElo "2374"]
[PlyCount "71"]
[EventDate "2016.09.04"]
[EventType "team-tourn"]
[EventRounds "11"]
[EventCountry "SRB"]
[SourceTitle "EXT 2018"]
[Source "ChessBase"]
[SourceDate "2017.10.13"]
[SourceVersion "1"]
[SourceVersionDate "2017.10.13"]
[SourceQuality "1"]

1. Nf3 Nf6 2. g3 b6 3. Bg2 Bb7 4. 0-0 e6 5. d3 d5 6. Nbd2 Be7 7. e4 c5 8. Re1 Nc6 9. c3 Qc7 10. exd5 Nxd5 11. Nc4 0-0 12. a4 Rad8 13. Qe2 Rfe8 14. Bg5 Nf6 15. Bh3 h6 16. Bf4 Qc8 17. a5 b5 18. a6 Bxa6 19. Nce5 Bd6 20. Rxa6 Qxa6 21. Nxf7 Kxf7 22. Bxe6+ Kf8 23. Nh4 Ne5 24. Qxe5 Re7 25. Ng6+ Ke8 26. Qf5 Qb7 27. Bxd6 Rxd6 28. Bf7+ Kxf7 29. Rxe7+ Qxe7 30. Nxe7 Kxe7 31. Qxc5 a6 32. d4 Nd7 33. Qc7 Re6 34. Qb7 Rb6 35. Qa7 Rc6 36. d5 1-0

[Event "Belgrade Vucicevic Memorial op"]
[Site "Belgrade"]
[Date "2015.12.13"]
[Round "2"]
[White "Toth, Aleksandar"]
[Black "Popovic, Dusan"]
[Result "1/2-1/2"]
[WhiteElo "2331"]
[BlackElo "2661"]
[PlyCount "78"]
[EventDate "2015.12.13"]
[EventType "swiss"]
[EventRounds "15"]
[EventCountry "SRB"]
[SourceTitle "EXT 2017"]
[Source "ChessBase"]
[SourceDate "2016.10.25"]
[SourceVersion "1"]
[SourceVersionDate "2016.10.25"]
[SourceQuality "1"]

1. e4 d6 2. d4 Nf6 3. Nc3 e5 4. Nf3 Nbd7 5. Bc4 Be7 6. 0-0 Nb6 7. Be2 exd4 8. Nxd4 0-0 9. f4 Re8 10. Bf3 c6 11. Re1 Bf8 12. Kh1 Nbd7 13. Be3 Nc5 14. Bf2 a5 15. a4 Qc7 16. Bh4 Be7 17. e5 dxe5 18. fxe5 Nd5 19. Nxd5 cxd5 20. Bxe7 Rxe7 21. Bxd5 Rxe5 22. Qf3 Be6 23. Bxe6 fxe6 24. Nb5 Rxe1+ 25. Rxe1 Qe7 26. h3 Rd8 27. b3 h6 28. Qe3 Rd5 29. Qc3 Qf7 30. Kg1 Rf5 31. Qxa5 Rg5 32. Qd8+ Kh7 33. Qd2 Qg6 34. Nd4 Ne4 35. Qe2 Nc3 36. Qd2 Ne4 37. Qe2 Nc3 38. Qd2 Ne4 39. Qe2 Nc3 1/2-1/2

[Event "SRB-chT2 West"]
[Site "Kragujevac"]
[Date "2015.10.09"]
[Round "7.2"]
[White "Tomic, Miroslav Lj"]
[Black "Toth, Aleksandar"]
[Result "0-1"]
[WhiteElo "2154"]
[BlackElo "2326"]
[PlyCount "64"]
[EventDate "2015.09.04"]
[EventType "team-tourn"]
[EventRounds "11"]
[EventCountry "SRB"]
[SourceTitle "EXT 2022"]
[Source "ChessBase"]
[SourceDate "2021.10.06"]
[SourceVersion "1"]
[SourceVersionDate "2021.10.06"]
[SourceQuality "1"]

1. b4 c6 2. Bb2 Qb6 3. Bc3 Nf6 4. e3 Nd5 5. a3 Nxc3 6. Nxc3 d5 7. Nf3 Bg4 8. d4 Nd7 9. Na4 Qd8 10. Be2 e6 11. 0-0 Bd6 12. Nb2 a5 13. c3 0-0 14. h3 Bh5 15. Nd3 Qe7 16. Qc2 f6 17. Nc5 b6 18. Nxd7 Qxd7 19. c4 axb4 20. c5 bxc5 21. dxc5 Bxf3 22. Bxf3 Be5 23. Ra2 bxa3 24. e4 Bb2 25. exd5 exd5 26. Rd1 Qe7 27. h4 Ra5 28. h5 Rxc5 29. Qf5 d4 30. Qb1 Rd8 31. g4 d3 32. Kg2 d2 0-1

[Event "SRB-chT2 West"]
[Site "Sabac"]
[Date "2014.09.25"]
[Round "1.6"]
[White "Lukic, Predrag"]
[Black "Toth, Aleksandar"]
[Result "1/2-1/2"]
[WhiteElo "2241"]
[BlackElo "2326"]
[PlyCount "104"]
[EventDate "2014.09.25"]
[EventType "team-swiss"]
[EventRounds "6"]
[EventCountry "SRB"]
[SourceTitle "EXT 2015"]
[Source "ChessBase"]
[SourceDate "2014.11.20"]
[SourceVersion "1"]
[SourceVersionDate "2014.11.20"]
[SourceQuality "1"]

1. d4 d5 2. c4 dxc4 3. e3 Nf6 4. Bxc4 e6 5. Nf3 a6 6. 0-0 c5 7. Bd3 Nc6 8. Nc3 Be7 9. a3 cxd4 10. exd4 0-0 11. b4 b6 12. Bb2 Bb7 13. Rc1 Bd6 14. Qe2 Ne7 15. Rfd1 Ned5 16. g3 a5 17. b5 Nxc3 18. Rxc3 Nd5 19. Rcc1 Qe7 20. a4 f6 21. Re1 Rae8 22. Nh4 f5 23. Nf3 f4 24. Ne5 fxg3 25. fxg3 Qg5 26. Qe4 g6 27. Bc4 Bxe5 28. dxe5 Rf7 29. Bf1 Rf4 30. Qg2 Rxa4 31. Rcd1 Ba8 32. Qd2 Qg4 33. Bg2 Ra2 34. Ra1 Rxa1 35. Bxa1 Qc4 36. Bf1 Qc7 37. Bd4 Rb8 38. Bh3 Re8 39. Rf1 Qa7 40. Qf2 Qb7 41. Bg2 Qe7 42. Qd2 a4 43. h4 Qb4 44. Qf2 Rf8 45. Qxf8+ Qxf8 46. Rxf8+ Kxf8 47. Bxd5 Bxd5 48. Bxb6 Ke8 49. Bd4 a3 50. Kf2 Be4 51. b6 Kd7 52. Ke3 Bc6 1/2-1/2

[Event "SRB-CupT Central Serbia"]
[Site "Serbia"]
[Date "2014.05.03"]
[Round "6.9"]
[White "Toth, Aleksandar"]
[Black "Nenadovic, Ljubisa"]
[Result "1-0"]
[WhiteElo "2306"]
[BlackElo "2186"]
[PlyCount "73"]
[EventDate "2014.03.23"]
[EventType "team"]
[EventRounds "8"]
[EventCountry "SRB"]
[SourceTitle "EXT 2015"]
[Source "ChessBase"]
[SourceDate "2014.11.20"]
[SourceVersion "1"]
[SourceVersionDate "2014.11.20"]
[SourceQuality "1"]

1. e4 c5 2. Nf3 e6 3. d3 Nc6 4. g3 d5 5. Nbd2 Nf6 6. Bg2 Be7 7. 0-0 0-0 8. Re1 Qc7 9. e5 Nd7 10. Qe2 Rb8 11. h4 b5 12. Nf1 b4 13. Bf4 Re8 14. Ne3 Bf8 15. Nxd5 Qd8 16. Ne3 Bb7 17. c3 bxc3 18. bxc3 Ba6 19. Nc4 Bxc4 20. dxc4 Na5 21. Bf1 Nb6 22. Qe4 g6 23. Bg5 Be7 24. Qf4 Qc7 25. h5 Rbd8 26. h6 Rf8 27. Bf6 Rfe8 28. Ng5 Rc8 29. Ne4 Bf8 30. Bg7 Bxg7 31. hxg7 Kxg7 32. Nd6 Qe7 33. Rad1 Red8 34. Nxc8 Rxc8 35. Rd2 h6 36. Red1 Qg5 37. Qe4 1-0